Como hablar del pecado hoy: hacia una moral crítica del pecado

Uloženo v:
Podrobná bibliografie
Hlavní autor: Vidal García, Marciano (Autor)
Médium: Kniha
Jazyk:španělština
Vydáno: Madrid PPC 1977
Vydání:3a. ed
Edice:Colección Teología y Acción Pastoral, 7
Témata:
Tagy: Přidat tag
Žádné tagy, Buďte první, kdo vytvoří štítek k tomuto záznamu!

MARC

LEADER 00000cam a2200000 a 4500
001 UCC6471
003 CL-VaPUC
008 181213e19770000sp |||||||||||||||||spa|d
020 |a 8428802998 
082 0 4 |a 241.3  |b VID  |2 21 
100 |a Vidal García, Marciano  |e author  |9 600968 
245 1 0 |a Como hablar del pecado hoy: hacia una moral crítica del pecado 
250 |a 3a. ed 
300 |a 251 p 
942 |c BK 
945 |d 20181213 14:55:00  |a dcastane 
260 |a Madrid  |b PPC  |c 1977 
650 0 |a Teología moral   |9 256617 
650 0 |a Moral cristiana  |9 464237 
650 0 |a Pecado  |9 314980 
583 |a last modification  |c 20181213 14:55:00  |k Rodrigo Vera 
490 0 |a Colección Teología y Acción Pastoral, 7 
999 |c 373412  |d 373410 
952 |0 0  |1 0  |3 erb  |4 0  |6 241_300000000000000_VID_1977  |7 0  |8 A  |9 491513  |a BIBTEO  |b BIBTEO  |e Precht Pizarro, Jorge Enrique  |i 5521300  |o 241.3 VID 1977  |p 5521300  |r 2025-01-17  |w 2019-11-24  |y BK  |z Catalogado en:20181213  |k ICR